LIBRARY & INFORMATION CENTRE, KCAET, TAVANUR

ONLINE PUBLIC ACCESS CATALOGUE (OPAC)

Automotive mechanics / (Record no. 2473)

MARC details
000 -LEADER
fixed length control field 00498cam a2200205ua 4500
041 ## - LANGUAGE CODE
Language code of text/sound track or separate title eng
082 ## - DEWEY DECIMAL CLASSIFICATION NUMBER
Classification number 629.2
Item number SRI/AU
100 ## - MAIN ENTRY--AUTHOR NAME
Personal name Srinivasan, S .
245 ## - TITLE STATEMENT
Title Automotive mechanics /
250 ## - EDITION STATEMENT
Edition statement 1 /
260 ## - PUBLICATION, DISTRIBUTION, ETC. (IMPRINT)
Place of publication :
Name of publisher Tata Mc-Graw Hill Publishing Company ,
Year of publication 1985.
300 ## - PHYSICAL DESCRIPTION
Number of Pages 235 ; .
942 ## - ADDED ENTRY ELEMENTS (KOHA)
Koha item type Books
Holdings
Withdrawn status Lost status Damaged status Home library Current library Date acquired Full call number Accession Number Koha item type
      KAUAET   12/02/1986 629.2 14899 Books
      KAUAET KAUAET 12/02/1986 629.2 14900 Books
      KAUAET KAUAET 12/02/1986 629.2 14897 Books
      KAUAET KAUAET 19/08/1986 629.2 15342 Books
      KAUAET KAUAET 07/04/2012 629.2 21253 Books
free website counter